<?xml version="1.0" encoding="UTF-8"?>
<record
    xmlns:xsi="http://www.w3.org/2001/XMLSchema-instance"
    xsi:schemaLocation="http://www.loc.gov/MARC21/slim http://www.loc.gov/standards/marcxml/schema/MARC21slim.xsd"
    xmlns="http://www.loc.gov/MARC21/slim">

  <leader>01173nam a22002057a 4500</leader>
  <controlfield tag="005">20260616115055.0</controlfield>
  <datafield tag="020" ind1=" " ind2=" ">
    <subfield code="a">9781400336203</subfield>
  </datafield>
  <datafield tag="041" ind1=" " ind2=" ">
    <subfield code="a">ENG</subfield>
  </datafield>
  <datafield tag="082" ind1=" " ind2=" ">
    <subfield code="a">658.4092</subfield>
    <subfield code="b">MAX</subfield>
  </datafield>
  <datafield tag="100" ind1=" " ind2=" ">
    <subfield code="a">Maxwell, John C.</subfield>
  </datafield>
  <datafield tag="245" ind1="1" ind2="4">
    <subfield code="a"> The 21 irrefutable laws of leadership :</subfield>
    <subfield code="b">follow them and people will follow you /</subfield>
    <subfield code="c">John C. Maxwell.</subfield>
  </datafield>
  <datafield tag="260" ind1=" " ind2=" ">
    <subfield code="a">Nashville :</subfield>
    <subfield code="b">Harper Collins ,</subfield>
    <subfield code="c">2012.</subfield>
  </datafield>
  <datafield tag="300" ind1=" " ind2=" ">
    <subfield code="a">xx, 313 pages ;</subfield>
    <subfield code="c">24 cm.</subfield>
  </datafield>
  <datafield tag="504" ind1=" " ind2=" ">
    <subfield code="a">Includes bibliographical reference. </subfield>
  </datafield>
  <datafield tag="505" ind1=" " ind2=" ">
    <subfield code="a">Contents -- 1.The law of the lid -- 2.The law of influence -- 3.The law of process -- 4.The law of navigation -- 5.The law of addition -- 6.The law of solid ground -- 7.The law of respect -- 8.The law of intuition -- 9.The law of magnetism -- 10.The law of connection -- 11.The law of inner circle -- 12.The law of empowerment -- 13.The law of the picture -- 14.The law of buy-in -- 15.The law of victory -- 16.The law of the big mo -- 17.The law of priorities -- 18.The law of scrifice -- 19.The law of timing -- 20.The law of explosive growth -- 21.The law of legacy</subfield>
  </datafield>
  <datafield tag="650" ind1=" " ind2=" ">
    <subfield code="a">Leadership.</subfield>
  </datafield>
  <datafield tag="650" ind1=" " ind2=" ">
    <subfield code="a">Success in business.</subfield>
  </datafield>
  <datafield tag="650" ind1=" " ind2=" ">
    <subfield code="a">Industrial management.</subfield>
  </datafield>
  <datafield tag="942" ind1=" " ind2=" ">
    <subfield code="2">ddc</subfield>
    <subfield code="c">BK</subfield>
  </datafield>
  <datafield tag="999" ind1=" " ind2=" ">
    <subfield code="c">24352</subfield>
    <subfield code="d">24352</subfield>
  </datafield>
  <datafield tag="952" ind1=" " ind2=" ">
    <subfield code="0">0</subfield>
    <subfield code="1">0</subfield>
    <subfield code="2">ddc</subfield>
    <subfield code="4">0</subfield>
    <subfield code="7">0</subfield>
    <subfield code="a">IPE</subfield>
    <subfield code="b">IPE</subfield>
    <subfield code="c">S Campus</subfield>
    <subfield code="d">2026-05-20</subfield>
    <subfield code="e">Feel Books Pvt</subfield>
    <subfield code="g">550.00</subfield>
    <subfield code="i">20-04-2026</subfield>
    <subfield code="l">0</subfield>
    <subfield code="o">658.4092 MAX</subfield>
    <subfield code="p">51070</subfield>
    <subfield code="r">2026-05-20 16:45:43</subfield>
    <subfield code="w">2026-05-20</subfield>
    <subfield code="y">BK</subfield>
  </datafield>
</record>
